000 01042nam a2200241Ia 4500
999 _c38268
_d38268
001 4258
003 GE_BSU
005 20191011123626.0
008 181216s1960||||ge |||||||||||||| ||geo||
040 _cGE_BSU
041 _ageo
080 _a37.01(092) გ–23
100 _aგაფრინდაშვილი, მიხეილ
_93892
245 _aდიდი ქართველი პედაგოგი და მოაზროვნე [იაკობ გოგებაშვილი].
_cრედ. გ. საჯაია
264 _aთბილისი :
_bნაკადული,
_c1960.
300 _a140 გვ. ;
_b20 სმ.
504 _aბიბლიოგრ. შენიშვნებში.
600 _aგოგებაშვილი ი.
_94693
653 _aგოგებაშვილი, ი.
653 _aქართული პედაგოგიკის ისტორია
700 _aსაჯაია, გ.
_eრედაქტორი
_94694
942 _cBK
_2udc